Ecosystems - Statistics

General Stats
  • This quiz has been taken 374 times
  • The average score is 10 of 23
Answer Stats
Picture Answer % Correct
Tropical rainforest
97%
Desert
85%
Savanna
77%
Coral reef
73%
Prairie
68%
Beach
63%
Subterranean ecosystem
62%
Mangrove forest
60%
Swamp
54%
Taiga
54%
River
46%
Tundra
44%
Marsh
37%
Lake
30%
Rocky shore
30%
Bogland
25%
Steppe
21%
Temperate rainforest
16%
Temperate coniferous forest
15%
Shrubland
14%
temperate broad-leaf forest
11%
Pelagic zone
10%
Tropical dry forest
8%
No matching quizzes found
Score Distribution
Percent of People with Each Score
Percentile by Number Answered
Your Score History
You have not taken this quiz